Villes mondiales finissant par A #1 - Statistiques

Statistiques générales
  • Ce quiz a été pris 140 fois
    85 depuis la dernière actualisation
  • Le résultat moyen est 14 sur 20
Statistiques - réponses
Question Ville % Correct
Elle a remplacée Istanbul car elle se situe au centre de la Turquie Ankara
91%
Préfecture de la Haute Corse Bastia
90%
Quand on évoque le Brésil on pense d'abord a Sao Paulo ou Rio de Janeiro avant elle Brasilia
90%
Ville japonaise connu pour sa bombe Hiroshima
90%
Capitale mais pas la plus grande ville du Canada au confluent de deux rivières Ottawa
88%
Anagramme de TOBAGO, cette grande ville appartient au même continent Bogota
85%
La maison blanche à la Marocaine Casablanca
85%
Le Macchu Picchu se situe à près de 1000 km à l'est de cette ville Lima
82%
Seconde plus grande ville du Japon Osaka
81%
Ce n'est plus la capitale de l'Indonésie depuis le 17 Août 2024 Jakarta
76%
Prénom féminin pour une capitale européenne Sofia
75%
Équipe de cyclisme ayant pour couleur le drapeau Kazakh Astana
70%
Gold Coast, Adélaïde, Perth, Brisbane, Melbourne et Sydney sont devant au classement Canberra
67%
Capitale de l'Angola Luanda
67%
Capitale historique de la province du Tibet située à environ 3 650 mètres d'altitude Lhassa
57%
Troisième plus grande agglomération de l'Inde après Delhi et Bombay Calcutta / Kolkata
54%
Khartoum au Soudan, mais quelle ville pour le Soudan du Sud Djouba
48%
Aux Fidji, elle est située au sud est de l'île de Viti Levu Suva
48%
Ville d'Argentine ayant le même nom que celle d'Andalousie Cordoba
42%
Ville suédoise célèbre pour son université, la plus ancienne de Scandinavie Uppsala
36%
Aucun quiz correspondant
Distribution des résultats
% des personnes avec chaque résultat
Percentile par nombre de réponses
Votre historique - résultats
Vous n’avez pas pris ce quiz depuis la dernière actualisation